000 00635nam a2200181Ia 4500
001 12187
005 20260306162923.0
008 260306t2022||||xx |||||||||||||| ||spa||
041 _aESP
082 _aHR 340
_bJUN 2022 PI
110 _aPontificia Universidad Católica Argentina Santa María de los Buenos Aires. Facultad de Derecho y Ciencias Políticas
245 0 _aPrudentia iuris:
_brevista de la Facultad de Derecho de la Pontificia Universidad Católica Argentina "Santa María de los Buenos Aires"
260 _c2022
300 _a315 páginas :
_c23 cm.
650 _aGEN
654 _aCDE
942 _cREV
_dJUS
_fJUS
_2ddc
_n
999 _c12187
_d12187